00371cam a22001097a 4500008004000000082001600040100001600056245005200072260003000124300001000154650009700164180718b1962 xxu||||| |||| 00| 0 eng d aA98x54 Sa18 aSaggi, P.D. aLife and work of Lal, Bal and Palcby P.D.Saggi aNew DelhibOverseasc1962 a363p. aLajpat Rai, Lala, 1865-1928. Tilak, Bal Gangadhar, 1856-1920. Pal, Bipin Chandra, 1858-1932.